ロード中...

Marxisavum sasthravum /

書誌詳細
第一著者: Rajeevan, B.
フォーマット: Printed Book
言語:Malayalam
出版事項: Kozhikode : Focus , 1991.
LEADER 00475nam a2200145Ia 4500
008 150624b xxu||||| |||| 00| | mal d
082 |a 320.5322 
100 |a Rajeevan, B. 
245 |c B. Rajeevan  |a Marxisavum sasthravum / 
260 |a Kozhikode :  |b Focus ,  |c 1991. 
300 |a 141 p. 
546 |a In Malayalam. 
942 |c BK 
999 |c 82593  |d 82593 
952 |0 0  |1 0  |4 0  |6 320_532200000000000_RAJ_M_M  |7 0  |9 82537  |a UL  |b UL  |c ST1  |d 1998-08-28  |l 0  |o 320.5322 RAJ/M M  |p 64346  |r 2012-10-27  |w 2012-10-27  |y BK